| Поле | Инд. | ПП | Название | Значение |
|---|---|---|---|---|
| Тип записи | a | |||
| Библиографический уровень | b | |||
| 001 | Контрольный номер | 68d759b719dc43ba9e7d0b927c94f380 | ||
| 005 | Дата корректировки | 20210908160146.8 | ||
| 040 | a | Служба первич. каталог. | РИНЦ | |
| 041 | 0_ | a | Код языка текста | eng |
| 097 | a | Ануфриева Г.Ю. | ||
| 100 | 1_ | a | Автор | Kucerova Z. |
| 100 | 1_ | a | Автор | Aliberti R. |
| 100 | 1_ | a | Автор | Ambrosino F. |
| 100 | 1_ | q | Полное имя | Молоканова Наталья Александровна |
| a | Автор | Molokanova N. | ||
| u | Дополнение | Молоканова Н. А. | ||
| c | Титул (звания) | кандидат физико-математических наук | ||
| i | 100093173 | |||
| k | Кафедра системного анализа и управления; Институт системного анализа и управления | |||
| 245 | 10 | a | Заглавие | Recent results in kaon physics |
| 773 | 18 | t | Название источника | Proceedings of Science. 18. Сер. "18th International Conference on B-Physics at Frontier Machines, BEAUTY 2019" |
| d | Место и дата издания | 2019 | ||
| m | Специф. данные | входит в Scopus | ||
| m | Специф. данные | входит в ядро РИНЦ | ||
| m | Специф. данные | сборник трудов конференции | ||
| g | Прочая информация | P. 028 | ||
| w | Контрольный № источника | 427c302de3ec48df950d4e82f8826b43 | ||
| 856 | 40 | u | URL | https://elibrary.ru/item.asp?id=43626211 |
| 901 | t | Тип документа | b | |
| 952 | c | Вид литературы | материалы конференции |